| 000 | 00396nam a2200133Ia 4500 | ||
|---|---|---|---|
| 005 | 20260328104345.0 | ||
| 008 | 260328s9999||||xx |||||||||||||| ||und|| | ||
| 100 | _aAllegri, Alessia | ||
| 245 | 0 |
_aResearch Tracks in Urbanism : _b Dynamics, Planning and Design in Contemporary Urban Territories / _cAlessia Allegri |
|
| 260 | _bCRC Press | ||
| 300 | _a272 p. | ||
| 650 | _aURBANISMO | ||
| 942 | _cBK | ||
| 999 |
_c12264 _d12264 |
||